000
00284nam a22001217a 4500
008
170814b xxu||||| |||| 00| 0 eng d
041
_a
eng
080
_a
51
100
_a
36
101
_a
MAT
245
_a
THEORY OF FUCTIONS OF A COMPLEX VARIABLE
_c
THRON.W.J
942
_2
udc
_c
BK
999
_c
23258
_d
23258